Using Longitudinal Self-Report Data to Study the Age-Crime Relationship
Given the growing reliance on longitudinal self-report data for making causal inferences about crime, it is essential to investigate whether the within-individual change in criminal involvement exists and is not a measurement artifact driven by attrition or survey fatigue—a very real possibility fir...
| VerfasserInnen: | ; |
|---|---|
| Medienart: | Elektronisch Aufsatz |
| Sprache: | Englisch |
| Veröffentlicht: |
2018
|
| In: |
Journal of quantitative criminology
Jahr: 2018, Band: 34, Heft: 2, Seiten: 367-396 |
| Online-Zugang: |
Volltext (lizenzpflichtig) |
| Verfügbarkeit prüfen: | HBZ Gateway |
| Schlagwörter: |
MARC
| LEADER | 00000caa a22000002c 4500 | ||
|---|---|---|---|
| 001 | 1688909117 | ||
| 003 | DE-627 | ||
| 005 | 20260416204250.0 | ||
| 007 | cr uuu---uuuuu | ||
| 008 | 200130s2018 xx |||||o 00| ||eng c | ||
| 024 | 7 | |a 10.1007/s10940-017-9338-9 |2 doi | |
| 035 | |a (DE-627)1688909117 | ||
| 035 | |a (DE-599)KXP1688909117 | ||
| 040 | |a DE-627 |b ger |c DE-627 |e rda | ||
| 041 | |a eng | ||
| 084 | |a 2,1 |2 ssgn | ||
| 100 | 1 | |a Kim, Jaeok |e VerfasserIn |0 (DE-588)1205775056 |0 (DE-627)1691436909 |4 aut | |
| 109 | |a Kim, Jaeok | ||
| 245 | 1 | 0 | |a Using Longitudinal Self-Report Data to Study the Age-Crime Relationship |c Jaeok Kim, Shawn D. Bushway |
| 264 | 1 | |c 2018 | |
| 336 | |a Text |b txt |2 rdacontent | ||
| 337 | |a Computermedien |b c |2 rdamedia | ||
| 338 | |a Online-Ressource |b cr |2 rdacarrier | ||
| 520 | |a Given the growing reliance on longitudinal self-report data for making causal inferences about crime, it is essential to investigate whether the within-individual change in criminal involvement exists and is not a measurement artifact driven by attrition or survey fatigue—a very real possibility first identified by Lauritsen (Soc Forces 77(1):127-154, 1998) using the National Youth Survey (NYS). The current study examines whether the same threats to the validity of within-individual change in criminal involvement exist in the National Longitudinal Survey of Youth 1997 cohort (NLSY97). | ||
| 650 | 4 | |a Cohort effect | |
| 650 | 4 | |a Growth curve model | |
| 650 | 4 | |a NLSY97 | |
| 650 | 4 | |a Panel survey | |
| 650 | 4 | |a Longitudinal self-report | |
| 700 | 1 | |a Bushway, Shawn |e VerfasserIn |0 (DE-588)1147122326 |0 (DE-627)100849691X |0 (DE-576)305983474 |4 aut | |
| 773 | 0 | 8 | |i Enthalten in |t Journal of quantitative criminology |d New York, NY [u.a.] : Springer Science + Business Media B.V., 1985 |g 34(2018), 2, Seite 367-396 |h Online-Ressource |w (DE-627)320578003 |w (DE-600)2017241-2 |w (DE-576)104082321 |x 1573-7799 |7 nnas |
| 773 | 1 | 8 | |g volume:34 |g year:2018 |g number:2 |g pages:367-396 |
| 787 | 0 | 8 | |i Forschungsdaten |a Ohio State University. Center for Human Resource Research |t National Longitudinal Survey of Youth, 1997 |
| 856 | 4 | 0 | |u https://doi.org/10.1007/s10940-017-9338-9 |x Resolving-System |z lizenzpflichtig |3 Volltext |7 1 |
| 889 | |w (DE-627)1912738953 | ||
| 935 | |a mkri | ||
| 951 | |a AR | ||
| ELC | |a 1 | ||
| LOK | |0 000 xxxxxcx a22 zn 4500 | ||
| LOK | |0 001 3583377540 | ||
| LOK | |0 003 DE-627 | ||
| LOK | |0 004 1688909117 | ||
| LOK | |0 005 20200130090835 | ||
| LOK | |0 008 200130||||||||||||||||ger||||||| | ||
| LOK | |0 040 |a DE-21-110 |c DE-627 |d DE-21-110 | ||
| LOK | |0 092 |o n | ||
| LOK | |0 689 |a s |a Longitudinal self-report | ||
| LOK | |0 689 |a s |a Panel survey | ||
| LOK | |0 689 |a s |a NLSY97 | ||
| LOK | |0 689 |a s |a Growth curve model | ||
| LOK | |0 689 |a s |a Cohort effect | ||
| LOK | |0 852 |a DE-21-110 | ||
| LOK | |0 852 1 |9 00 | ||
| LOK | |0 935 |a krub |a krzo | ||
| LOK | |0 939 |a 2020-01-30 |b l01 | ||
| LOK | |0 000 xxxxxcx a22 zn 4500 | ||
| LOK | |0 001 3957448794 | ||
| LOK | |0 003 DE-627 | ||
| LOK | |0 004 1688909117 | ||
| LOK | |0 005 20260416081430 | ||
| LOK | |0 008 210725||||||||||||||||ger||||||| | ||
| LOK | |0 035 |a (DE-2619)KrimDok#2021-07-24#77A0B6D1D41C75B417C7806E92F0BD74379276BC | ||
| LOK | |0 035 |a (DE-2619)ICPSR124752 | ||
| LOK | |0 040 |a DE-2619 |c DE-627 |d DE-2619 | ||
| LOK | |0 092 |o n | ||
| LOK | |0 852 |a DE-2619 | ||
| LOK | |0 852 1 |9 00 | ||
| LOK | |0 935 |a zota |a nacp | ||
| LOK | |0 939 |a 2021-07-25 |b l01 | ||
| ORI | |a WA-MARC-krimdoka001.raw | ||
